Представление документа в формате RUSMARC

ПолеНазваниеЗначение
  Тип записи a
  Библиографический уровень m
001 Контрольный номер RU/CBS_UL/BASE/571509369
005 Дата корректировки 20240209174808.3
010 Индекс ISBN __
a ISBN
b Уточнения в пер.
d Цена 1 р. 10 к.
9 Тираж экз.
100 Данные общей обработки __
a Данные общей обработки 20180209d2018 ||| 0rusy0189 ca
101 Язык документа 0_
a Язык текста rus
102 Страна публикации __
a Страна публикации RU
105 Кодированные данные (монография) __
a Кодированные данные (монография) y###||||000|y
181 Поле кодированных данных: вид содержания _1
a Код вида содержания (ISBD) i#
b Код характеристики содержания (ISBD) #xxe##
d i
g x
h x
i e
2 Код системы (источник кода, отличный от ISBD) isbdcontent
182 Поле кодированных данных: тип средства _1
a Код типа средства (ISBD) n
2 Код системы (источник кода, отличный от ISBD) isbdmedia
200 Заглавие и сведения об ответственности 1_
a Заглавие Гигиена труда и промышленная санитария
b Общее обозначение материала Текст
e Сведения, относящиеся к заглавию учебник для мед. училищ
f Первые сведения об ответственности А. А. Каспаров
w Текст (визуальный) : непосредственный
203 Вид содержания и тип средства __
a Вид содержания Текст
b Характеристика содержания визуальный
c Тип средства непосредственный
205 Сведения об издании __
a Основные сведения об издании 2-е изд., перераб. и доп.
210 Выходные данные 1_
a Место издания Москва
c Издательство Медицина
d Дата издания 1981
215 Физическое описание __
a Объем 365 с.
d Формат см.
300 Общие примечания __
a Общие примечания Ограничения по возрасту - 18+
300 Общие примечания __
a Общие примечания Под инв. номером 884: Цс-1, 1-1, 3-1
606 Тематические рубрики 0_
a Основная рубрика Гигиена труда
610 Ключевые слова 0_
a Ключевые слова гигиена труда
a Ключевые слова санитария промышленная
a Ключевые слова учебники
686 Индексы других классификаций __
a Классификационный индекс 51.24
2 Код системы ББК
700 Автор _1
a Фамилия Каспаров
b Имя (инициалы) Ашот Арменакович
g Полное личное имя А. А.
801 Источник записи _0
a Страна RU
b Организация МБУК ЦБС
c Дата составления 20180209
g Правила каталогизации RCR
801 Источник записи _1
a Страна RU
b Организация МБУК ЦБС г. Ульяновска
c Дата составления 20180209
g Правила каталогизации RCR
899 Данные о местонахождении __
i Авторский знак К 28
j Расстановочный фильтр 51.2
901 Тип документа __
t Тип документа m
910 Корректоры записи __
a Корректор записи Даудова